|
|
|
|
| LEADER |
00000cam a2200000 7i4500 |
| 001 |
0000040480 |
| 005 |
20140420.0 |
| 008 |
140420 |
| 020 |
|
|
|a 8131907382
|
| 090 |
0 |
0 |
|a 613.2
|b HOW
|
| 245 |
1 |
0 |
|a How to use the twelve tissue salts :
|b a guide to the biochemic treatment with chapters on balanced diet, body's need of minerals and vitamins
|
| 260 |
|
|
|a India :
|b B. Jain Publishers (P) Ltd ,
|c 2009
|
| 650 |
|
0 |
|a Food
|
| 650 |
|
0 |
|a Health
|
| 650 |
|
0 |
|a Nutrition
|
| 999 |
|
|
|a 0001267776
|b Book
|c Adult Collection
|e Cawangan Pontian
|
| 999 |
|
|
|a 0001267777
|b Book
|c Adult Collection
|e Cawangan Tmn. Ungku Tun Aminah
|
| 999 |
|
|
|a 0001267778
|b Book
|c Adult Collection
|e Cawangan AEON Kulaijaya
|
| 999 |
|
|
|a 0001291712
|b Book
|c Adult Collection
|e Cawangan Taman Sri Lambak
|
| 999 |
|
|
|a 0001291713
|b Book
|c Adult Collection
|e Cawangan Bandar Tenggara
|
| 999 |
|
|
|a 0001291715
|b Book
|c Adult Collection
|e Cawangan Pontian
|
| 999 |
|
|
|a 0001291716
|b Book
|c Adult Collection
|e Cawangan Kota Tinggi
|
| 999 |
|
|
|a 0001291717
|b Book
|c Adult Collection
|e Cawangan Mersing
|
| 999 |
|
|
|a 0001291718
|b Book
|c Adult Collection
|e Cawangan Bukit Gambir
|
| 999 |
|
|
|a 0001291719
|b Book
|c Adult Collection
|e Cawangan Tangkak
|
| 999 |
|
|
|a 0001291720
|b Book
|c Adult Collection
|e Cawangan Muar
|
| 999 |
|
|
|a 0001291721
|b Book
|c Adult Collection
|e Cawangan Bandar Penawar
|
| 999 |
|
|
|a 0001291722
|b Book
|c Adult Collection
|e Cawangan Batu Pahat
|
| 999 |
|
|
|a 0001291846
|b Book
|c Adult Collection
|e Perbadanan Perpustakaan Awam Johor
|